|
|
|
|
| LEADER |
00994nam a2200241 a 4500 |
| 001 |
GR-MES15252 |
| 008 |
050406s2006 gr 000 0 gre d |
| 020 |
|
|
|a 9605172747
|
| 040 |
|
|
|a GrPaTEI
|b gre
|c GR-PaULI
|
| 041 |
0 |
|
|a gre
|h eng
|
| 044 |
|
|
|b gr
|
| 082 |
|
0 |
|a Ξ
|2 21
|
| 100 |
1 |
|
|a Christie, Agatha,
|d 1890-1976
|
| 245 |
1 |
0 |
|a Φόνοι υπό εχεμύθειαν /
|c Αγκάθα Κρίστι ; Μετάφραση: Τάσου Λαζαρίδη.
|
| 260 |
|
|
|a Αθήνα :
|b Λυχνάρι,
|c 1973
|
| 300 |
|
|
|a 219 σ. ;
|c 19 εκ.
|
| 490 |
0 |
|
|a Βιβλιοθήκη αστυνομικής φιλολογίας ;
|v 11
|
| 650 |
|
4 |
|a Ξένη Λογοτεχνία
|
| 700 |
1 |
|
|a Λοράνδος, Λουκάς
|
| 942 |
|
|
|2 ddc
|
| 952 |
|
|
|0 0
|1 0
|2 ddc
|4 0
|6 Ξ_ΛΟΡ
|7 0
|9 273084
|a MSLG
|b MSLG
|c BSC
|d 2021-01-17
|e 24
|f 0
|g 0.00
|l 0
|o Ξ ΛΟΡ
|p 2420000023483
|r 2021-01-17 00:00:00
|t 1
|w 2021-01-17
|y BK15
|x 20090909 0 ΤΣΑΝΤΑΡΛΙΩΤΗ 1
|x GrPaTEI
|
| 971 |
|
|
|a .b25813018
|b 16-04-20
|c 13-09-16
|
| 999 |
|
|
|c 158070
|d 158070
|